Most Common Words: US TV Series Titles Quiz Stats

 Plays Quiz Updated Dec 31, 2018

Challenge
Share
Tweet
Embed
Score 0/123 Timer 15:00
1 Play Today
# Word % Correct
674The
98.2%
46A
95.8%
31I
90.2%
155And
79.3%
166Of
74.6%
45In
73%
14You
72.7%
14Me
70.9%
24To
69%
23On
68%
21Family
63.2%
10Is
61.4%
29Love
59.9%
15It
54.6%
6Two
54.1%
115Show
53.5%
9One
53.1%
27My
52.2%
6Or
49.7%
8Day
49.2%
11For
48.4%
9Your
46.8%
6Girl
46.4%
16House
46.2%
27New
46%
11All
45.5%
33Life
44.1%
18Man
44%
42With
41.9%
20Night
41.8%
10Live
39.7%
8Men
38.7%
6What
38.6%
10Friends
37.4%
8*America
35.7%
7At
35.5%
23World
35.3%
12Time
35.3%
15Big
35.2%
6That
35.1%
8From
33.2%
# Word % Correct
7By
31.6%
7Dr
31.4%
9Up
31.3%
9Law
31.2%
10Home
31.1%
16*American
29.9%
8Good
28.9%
10Days
28.5%
9Out
27.3%
7City
26.1%
7Blue
25.6%
10Little
24.3%
6Girls
24.2%
13Star
23.8%
7Guy
22.6%
9Street
22.3%
10Mr
22.1%
6Red
22%
6Fat
21.9%
12Kids
20.1%
6*John
20.1%
16Hour
19.8%
6Game
19.4%
6Green
19.4%
8Police
18.9%
9It's
18.8%
6Lost
18.2%
7Get
17%
7Dog
16.5%
6King
15.9%
8Late
15.8%
6West
15.2%
18Real
15%
9Tonight
14.3%
9Rock
14%
7School
13.6%
7Place
13.4%
6*Bob
13.1%
7TV
12.7%
6Young
11.8%
8Next
11.8%
# Word % Correct
7Road
11.7%
9High
11.2%
8*Tom
10.8%
7Dead
10.7%
7Earth
10.6%
6Island
10.6%
32Adventures
10.3%
6Angel
9.9%
6*Bill
9.8%
9Space
9.7%
10Super
9.7%
17Series
9.1%
6Murder
8.6%
7Dark
8.5%
10Comedy
7.9%
6*Joe
7.9%
6Trek
7.6%
10Wild
6.9%
8Wars
6%
6Secret
5.4%
6*Andy
5.4%
8Ghost
5.1%
6Rules
4.9%
6*Jerry
4.8%
16Power
4.4%
6*George
3.8%
7*Batman
3.7%
9Club
3.5%
9Tales
3.2%
16Rangers
2.8%
8*Spider-Man
2.8%
6Vs
2.5%
6Science
2.5%
7Captain
2.5%
6Challenge
1.8%
7Universe
1.7%
9Presents
1.7%
8*Scooby-Doo
1.7%
6*Bunny
1.6%
7Legend
1.2%
7Masters
0.7%

You're not logged in!

Compare scores with friends on all Sporcle quizzes.
OR
Log In

You Might Also Like...

Show Comments

Extras

Top Quizzes Today


Score Distribution

Your Account Isn't Verified!

In order to create a playlist on Sporcle, you need to verify the email address you used during registration. Go to your Sporcle Settings to finish the process.

Report this User

Report this user for behavior that violates our Community Guidelines.

Details: